Špecifiká obchodovania s krajinami Európskej únie dizertačná práca

Na minha lista:
Detalhes bibliográficos
Autor principal: Andrejčíková, Mária
Autor Corporativo: Ekonomická univerzita v Bratislave. Obchodná fakulta
Outros Autores: Lipková, Ľudmila
Formato: Livro
Idioma:eslovaco
Publicado em: Bratislava 2003
Assuntos:
Tags: Adicionar Tag
Sem tags, seja o primeiro a adicionar uma tag!

MARC

LEADER 00000nam$a2200000$$$4500
001 0100385
005 20240104094853.2
041 0 |a slo 
044 |a SK 
245 1 0 |a Špecifiká obchodovania s krajinami Európskej únie  |b dizertačná práca  |c Mária Andrejčíková ; škol. Ľudmila Lipková 
264 1 |a Bratislava  |c 2003 
300 |a 180 s. 
610 2 0 |a obchod zahraničný 
610 2 0 |a Slovensko 
610 2 0 |a Európska únia 
610 2 0 |a trh vnútorný 
610 2 0 |a trh zahraničný 
610 2 0 |a konkurencieschopnosť 
100 1 |a Andrejčíková, Mária 
700 1 |a Lipková, Ľudmila 
710 2 |a Ekonomická univerzita v Bratislave. Obchodná fakulta